000
00241nam a22000977a 4500
008
230418b |||||||| |||| 00| 0 eng d
020
_a
9789356349469
100
_a
Oswaal
_9
7599
245
_a
CBSE SOLVED PAPERS-12 (Physics)
260
_a
New Delhi
999
_c
12261
_d
12261